Harry Potter (Registro nro. 3710)
[ vista simple ]
| 000 -CABECERA | |
|---|---|
| Longitud fija campo de control | 00616nam a2200205 4500 |
| 003 - • IDENTIFICADOR DELl NÚMERO DE CONTROL | |
| Identificador del número de control | CO-ViMGA |
| 008 - • CÓDIGOS DE INFORMACIÓN DE LONGITUD FIJA | |
| Códigos de información de longitud fija | 180412b ||||| |||| 00| 0 eng d |
| 020 ## - • NÚMERO INTERNACIONAL NORMALIZADO PARA LIBROS | |
| Número Internacional Normalizado para Libros (ISBN) | 9788498384383 |
| 040 ## - FUENTE DE LA CATALOGACIÓN | |
| Centro catalogador de origen | CO-ViMGA |
| Lengua de catalogación | spa |
| Centro transcriptor | CO-ViMGA |
| 082 ## - • NÚMERO DE LA CLASIFICACIÓN DECIMAL DEWEY | |
| Número de clasificación (R) | 823 |
| Número del ítem | R884ha6 |
| 100 1# - • PUNTO DE ACCESO PRINCIPAL-NOMBRE DE PERSONA | |
| Nombre de persona | Rowlinig, J.K. |
| Fechas asociadas al nombre | 1997 |
| 245 10 - • TITULO PROPIAMENTE DICHO | |
| Título | Harry Potter |
| Resto del título | y la piedra filosofal / |
| Mención de responsabilidad, etc. | J.K. Rowling |
| 300 ## - • DESCRIPCIÓN FÍSICA | |
| Extensión | 254 p. |
| 490 ## - • MENCIÓN DE SERIE | |
| Mención de serie | Harry Potter |
| 650 14 - • PUNTO DE ACCESO ADICIONAL DE MATERIA - TÉRMINO DE MATERIA | |
| Término de materia o nombre geográfico como elemento inicial | Cuentos infantiles ingleses |
| 650 14 - • PUNTO DE ACCESO ADICIONAL DE MATERIA - TÉRMINO DE MATERIA | |
| Término de materia o nombre geográfico como elemento inicial | Literatura infantil inglesa |
| 700 1# - • PUNTO DE ACCESO ADICIONAL - NOMBRE DE PERSONA | |
| Nombre de persona | Dellepiane, Alicia Marta |
| 942 ## - ENTRADA DE ELEMENTOS AGREGADOS (KOHA) | |
| Fuente de clasificaión o esquema | Dewey Decimal Classification |
| Koha [por defecto] tipo de item | LIbro |
| Perdido | Fuente de clasificación o esquema | Estado Físico | No para préstamo | Forma de adquisición | Localización permanente | Localización actual | Fecha adquisición | Coste, precio normal de compra | Préstamos totales | Signatura completa | Código de barras | Fecha última consulta | Fecha del precio de reemplazo | Tipo de item de Koha |
|---|---|---|---|---|---|---|---|---|---|---|---|---|---|---|
| Dewey Decimal Classification | Sala General | Biblioteca Barrio Emporio - Villavicencio | Biblioteca Barrio Emporio - Villavicencio | 09/01/2019 | 79000.00 | 823 R884ha6 | 331226 | 04/12/2018 | 04/12/2018 | LIbro |